000 00421nam a2200157 i 4500
001 114836
003 ES-MaACL
005 20230906190249.0
007 t|
008 070403s1958 sp ||||1| cat d
100 0 _aComamala, Romà.
_939928
245 1 0 _aJeremias a Tafnis /
_cRomáa Comamala.
260 _aBarcelona :
_bTorrell de Reus,
_c1958.
300 _a66 p. ;
_c26 cm.
852 _aES-MaACL
_jC-18362
_bR.43699
999 _c114836
_d114836